Mani Ram Aggarwals general knowledge digest and general studies (Record no. 132816)

MARC details
000 -LEADER
fixed length control field 00830nam a2200337Ia 4500
008 - FIXED-LENGTH DATA ELEMENTS--GENERAL INFORMATION
fixed length control field 210210b2008 xxu||||| |||| 00| 0 eng d
020 ## - INTERNATIONAL STANDARD BOOK NUMBER
International Standard Book Number 8121907985
041 ## - LANGUAGE CODE
Language code of text/sound track or separate title eng
082 ## - DEWEY DECIMAL CLASSIFICATION NUMBER
Classification number 032.02 MOHM
100 ## - MAIN ENTRY--PERSONAL NAME
Personal name MOHAN (K)
245 ## - TITLE STATEMENT
Title Mani Ram Aggarwals general knowledge digest and general studies
Remainder of title with multiple choice & objective questionS
260 ## - PUBLICATION, DISTRIBUTION, ETC.
Place of publication, distribution, etc. New Delhi
Name of publisher, distributor, etc. S. Chand & Co. Ltd.
Date of publication, distribution, etc. 2008
300 ## - PHYSICAL DESCRIPTION
Extent xvi--1082
650 ## - SUBJECT ADDED ENTRY--TOPICAL TERM
Topical term or geographic name entry element with
650 ## - SUBJECT ADDED ENTRY--TOPICAL TERM
Topical term or geographic name entry element studies
650 ## - SUBJECT ADDED ENTRY--TOPICAL TERM
Topical term or geographic name entry element Ram
650 ## - SUBJECT ADDED ENTRY--TOPICAL TERM
Topical term or geographic name entry element question
650 ## - SUBJECT ADDED ENTRY--TOPICAL TERM
Topical term or geographic name entry element objective
650 ## - SUBJECT ADDED ENTRY--TOPICAL TERM
Topical term or geographic name entry element multiple
650 ## - SUBJECT ADDED ENTRY--TOPICAL TERM
Topical term or geographic name entry element Mani
650 ## - SUBJECT ADDED ENTRY--TOPICAL TERM
Topical term or geographic name entry element knowledge
650 ## - SUBJECT ADDED ENTRY--TOPICAL TERM
Topical term or geographic name entry element general
650 ## - SUBJECT ADDED ENTRY--TOPICAL TERM
Topical term or geographic name entry element digest
650 ## - SUBJECT ADDED ENTRY--TOPICAL TERM
Topical term or geographic name entry element choice
650 ## - SUBJECT ADDED ENTRY--TOPICAL TERM
Topical term or geographic name entry element and
650 ## - SUBJECT ADDED ENTRY--TOPICAL TERM
Topical term or geographic name entry element Aggarwals
650 ## - SUBJECT ADDED ENTRY--TOPICAL TERM
Topical term or geographic name entry element &
690 ## - LOCAL SUBJECT ADDED ENTRY--TOPICAL TERM (OCLC, RLIN)
Topical term or geographic name as entry element General Knowledge
700 ## - ADDED ENTRY--PERSONAL NAME
Personal name AGGARWAL (Mani Ram)
906 ## - LOCAL DATA ELEMENT F, LDF (RLIN)
a SG05032
Holdings
Withdrawn status Lost status Damaged status Not for loan Collection code Home library Current library Shelving location Date acquired Source of acquisition Cost, normal purchase price Total Checkouts Full call number Barcode Date last seen Price effective from Koha item type
          St Aloysius Library St Aloysius Library   02/17/2021 West Coast Paper & Stationers 510.00   032.02 MOHM SG05032 02/17/2021 02/17/2021 Special Grants